[Event "St Petersburg-ch 78th"]
[Site "St Petersburg"]
[Date "2005.03.19"]
[Round "3"]
[White "Ionov, Sergey"]
[Black "Klimov, Sergey"]
[Result "0-1"]
[WhiteElo "2527"]
[BlackElo "2509"]
[Annotator "Postny,E"]
[PlyCount "80"]
[EventDate "2005.03.17"]
[EventType "tourn"]
[EventRounds "11"]
[EventCountry "RUS"]
[EventCategory "10"]
[SourceTitle "CBM 106"]
[Source "ChessBase"]
[SourceDate "2005.06.06"]
[SourceVersion "1"]
[SourceVersionDate "2005.06.06"]
[SourceQuality "1"]

1. Nf3 Nf6 2. c4 g6 3. Nc3 d5 4. cxd5 (4. d4 {would lead to main variation of
Gruenfeld defense.}) 4... Nxd5 5. Qa4+ {A common check, avoiding the main
lines of Gruenfeld.} (5. e4 Nxc3 6. dxc3 (6. bxc3 Bg7 7. d4 {transposes to the
main Gruenfeld - D85.}) 6... Qxd1+ 7. Kxd1 {--> 0-1 Bauer,C-Sutovsky,E/Leon
2001/CBM 86 [Postny,E] (79)}) (5. Qb3 Nb6 6. d4 {--> 1-0 Eljanov,P-Kovchan,A/
Kharkov 2002/CBM 89 [Postny,E] (50)}) 5... Bd7 ({Less popular is} 5... Nc6 {
1-0 Sturua,Z-Goloshchapov,A/Batumi 2002/CBM 90 [Postny,E] (51)}) 6. Qb3 (6. Qh4
Nxc3 7. dxc3 (7. Qd4 f6 8. Qxc3 Nc6 {1/2-1/2 Hillarp Persson,T-McShane,L/Malmo
2003/CBM 95 [Postny,E] (50)}) 7... Nc6 8. e4 e5 9. Bg5 Be7 10. Bc4 h6 11. Bxe7
Qxe7 {1/2-1/2 Zhou Jianchao-Nepomniashchy,Y/Moscow 2004/CBM 103 [Postny,E] (55)
}) ({A rare move is:} 6. Qc2 Nb4 7. Qb3 c5 8. Ne4 {1/2-1/2 Wells,
P-Kristjansson,S/Mallorca 2004/CBM 104 [Postny,E] (41)}) 6... Nb6 7. d4 (7. Ng5
$5 e6 8. d4 Bc6 9. Be3 Bg7 10. Rd1 N8d7 11. Nf3 Qf6 12. d5 Nxd5 13. Nxd5 Bxd5
14. Rxd5 exd5 15. Bd4 Qf5 16. Bxg7 Rg8 17. Bc3 Qb1+ 18. Qd1 Qxa2 19. e3 $14 {
1-0 Kortschnoj,V-Rowson,J/Port Erin 2004/CBM 102 ext (49)}) 7... Bg7 8. Bg5 (8.
e4 O-O 9. Be3 Nc6 10. Rd1 Bg4 {leads to well-known Smyslov variation of
Gruenfeld defense.}) ({Another playable continuation is} 8. Bf4) 8... O-O 9. e3
(9. Rd1 a5 10. e3 Nc6 11. a3 a4 12. Qc2 Ra5 13. Be2 Be6 14. Qb1 Bb3 15. Rc1 Qc8
16. O-O e5 17. dxe5 Nxe5 18. Nxe5 Bxe5 19. Be7 Re8 20. Bb4 Ra8 21. Ne4 Nd5 22.
Nd6 Bxd6 23. Bxd6 Qd7 24. Bg3 $14 {1-0 Huzman,A-Odeev,H/Bled 2002/EXT 2003 (73)
}) 9... a5 {A typical move for this opening variation. Black is intending to
harass the opponent queen and seize some space on the queenside.} 10. Be2 Be6
11. Qc2 Nc6 $146 (11... Bf5 12. Qd2 N8d7 13. e4 Bg4 14. O-O a4 15. Rac1 c6 16.
a3 Bxf3 17. Bxf3 Nc4 18. Qe2 Ndb6 19. d5 Qc7 $13 {1-0 Dekker,A-Mirumian,V/
Trinec 1998/EXT 2000 (37)}) 12. O-O a4 13. Rfd1 Bf5 $6 {Provoking e3-e4, to
weaken d4 square, but probably too optimistic.} (13... Nb4 {should have been
prefered.}) 14. Qc1 $6 {Missing more attractive possibility.} (14. e4 Bg4 15.
Ne5 $1 Bxe2 (15... Nxd4 16. Rxd4 Qxd4 17. Nxg4 $16) 16. Nxe2 Nb4 17. Qc3 Na6
18. Bf4 {with obvious advantage.}) 14... Nd5 15. h3 {Covering g4 square.} a3
16. Nxd5 Qxd5 (16... axb2 $2 17. Nxe7+ {winning a pawn.}) 17. bxa3 Qa5 $2 {
Allowing the move that now follows...} ({It was necessary to block the central
squares by} 17... Be4) {[%tqu "En","How would you suggest for White?","","",
"d4d5","A strong move and a typical exchange sacrifice in a Gruenfeld type
position.",12]} 18. d5 $1 {[%mdl 512] A strong move and a typical exchange
sacrifice in a Gruenfeld type position.} Bxa1 {Otherwise, black simply stands
worse without any material compensation.} 19. Qxa1 Nb8 {Trying to transfer the
knight to d7, to cover some critical dark squares.} (19... Nd8 20. Bxe7 (20.
Bh6 f6 21. Bxf8 Kxf8 22. Nd4 $16) 20... Re8 21. Bf6 $40) 20. Bxe7 Re8 21. Bf6
$40 Nd7 (21... Qxa3 22. d6 Qxa2 23. Qxa2 Rxa2 24. dxc7 Nc6 (24... Rxe2 $2 25.
Rd8 $18) 25. Bc4 $1 Ra4 (25... Raa8 26. Ng5 Rf8 27. e4 $18) 26. Bb5 Ra5 27. Nd4
Bd7 28. Nxc6 bxc6 29. Rxd7 cxb5 30. Rd8 Ra8 31. Rxe8+ Rxe8 32. Bd8 $18) 22. Bh8
f6 23. Bxf6 Nxf6 24. Qxf6 {The position is materialIy balanced and it's clear
that white's attack is very dangerous.} Qxa3 $2 {This loses by force.} ({
The only reasonable defensive possibility was} 24... Qc5 {covering the c4
square.}) 25. d6 $1 {[%cal Ge2c4] Opening the a2-g8 diagonal for the bishop.}
Qxa2 26. Ng5 h6 (26... Rf8 27. Qe7 $18 {[%csl Rh7]}) 27. Rd4 $4 {White had
numerous winning continuations, and he probably got confused.} (27. Bf3 {
[%csl Ra2,Rg8][%cal Gf3d5]} Bd3 (27... c6 28. Bd5+ $1 cxd5 29. Qf7+ Kh8 30.
Qh7#) 28. d7 $1 (28. Rxd3 Qa1+ 29. Qxa1 Rxa1+ 30. Kh2 hxg5 31. dxc7 Rc1 32. Rd7
$18) 28... Rf8 29. Qe6+ Qxe6 30. Nxe6 $18) (27. Rc1 {[%cal Ge2c4]} Bc2 (27...
Rf8 28. Qe7 $18 {[%cal Ge7h7,Ge2c4]}) 28. Bc4+ $1 Qxc4 29. Rxc2 $18) 27... Qa1+
28. Kh2 hxg5 29. Bc4+ Kh7 30. dxc7 $2 {White got carried away and with the
last move missed even a draw.} (30. d7 Red8 31. Qe7+ Kh6 32. h4 (32. Rh4+ gxh4
33. Qxh4+ Kg7 34. Qe7+ Kh8 35. Qh4+ $11) 32... g4 33. Qg5+ Kg7 34. Qe7+ $11)
30... Qa5 31. Qxg5 Qxc7+ 32. g3 Kg7 {White's attack is parried and black is
just a rook up.} 33. Rf4 Rf8 34. e4 Qxc4 35. exf5 Qc6 36. Rg4 Ra1 37. Qxg6+ {
White is forced to exchange queens. In the endgame white has no chance to
survive.} Qxg6 38. Rxg6+ Kh7 39. g4 Ra6 40. Rg5 b5 {[%csl Gb5]} 0-1

[Event "WchT 5th"]
[Site "Yerevan"]
[Date "2001.10.13"]
[Round "2.2"]
[White "Vaganian, Rafael A"]
[Black "Nedev, Trajce"]
[Result "1-0"]
[WhiteElo "2650"]
[BlackElo "2514"]
[Annotator "Postny,E"]
[PlyCount "97"]
[EventDate "2001.10.12"]
[EventType "team-tourn"]
[EventRounds "9"]
[EventCountry "ARM"]
[SourceTitle "CBM 086"]
[Source "ChessBase"]
[SourceDate "2002.02.05"]
[SourceVersion "1"]
[SourceVersionDate "2002.02.05"]
[SourceQuality "1"]
[WhiteTeam "Armenia"]
[BlackTeam "Macedonia"]
[WhiteTeamCountry "ARM"]
[BlackTeamCountry "MKD"]

1. Nf3 Nf6 2. c4 g6 3. g3 Bg7 4. Bg2 d5 5. cxd5 Nxd5 6. O-O Nc6 {Another
theoretical possibility is 6...c5.} 7. Nc3 Nb6 8. d3 O-O 9. Be3 e5 10. a4 {
[%cal Ga4a5] Interesting is 10.b4, see the game Gelfand,B-Avrukh,B /ISR-chT
Israel 1999/CBM 69 [Gelfand]} a5 11. Bxb6 ({The alternative is:} 11. Nb5 Nd5
12. Bc5 Re8 13. Rc1 Bg4 $6 (13... h6 $142 {/\} 14. e4 Ndb4 15. d4 exd4 16.
Nfxd4 Nxd4 17. Bxd4 Bxd4 18. Nxd4 c6 $10) 14. h3 Be6 15. e4 $1 Nf6 (15... Ndb4
$5 16. d4 exd4 17. Nfxd4 Nxd4 18. Nxd4 $14) 16. Ng5 $36 {1-0 Dvoretzky,M-Gulko,
B /URS-ch42 1974 [ChessBase]}) 11... cxb6 12. Nb5 $146 {In the preceding games
white played the most natural move: 12.Nd2.For instanse:} (12. Nd2 Be6 13. Nc4
Re8 14. Qb3 Ra6 15. Ne4 Re7 16. Rac1 Nd4 17. Qd1 Rd7 18. Nc3 f5 (18... Bxc4 19.
dxc4 Nf3+ 20. Bxf3 Rxd1 21. Rfxd1 $44 {[%csl Ra6]}) 19. Nb5 Nc6 20. Qd2 Bf8 21.
Rfd1 Bc5 22. e3 Ra8 23. Qe2 Qf6 24. f4 Bxc4 {1/2-1/2 Ree,H-Benko,P/Wijk aan
Zee 1970/MCD (24)}) 12... Be6 13. Nd2 {The position is approximately equal. On
the one hand white has superior pawn structure,on the other hand black has
pair of good bishops.} Qe7 14. Rc1 Rac8 15. Nc4 Nd4 16. Nbd6 (16. Nxb6 $4 Rxc1
{[%csl Re2][%cal Rd4e2]}) (16. Nxd4 exd4 17. Nxb6 (17. Qd2 $5 $11) 17... Rxc1
18. Qxc1 Qb4 19. Nc4 Qxa4 20. Bxb7 Qb4 21. Bf3 Rc8 $11) 16... Rcd8 $2 {After
this passive move black is in trouble. Black could get a counterplay only
after the Q sacrifice.} (16... Qxd6 $1 17. Nxd6 Rxc1 18. Qd2 Rc2 19. Qd1 Nxe2+
20. Kh1 Bb3 21. Nc4 (21. Bxb7 Bxa4 22. Bd5 Nd4 $15) 21... Rxb2 (21... Rd8 $5
22. Qb1 f5 {[%cal Ge5e4]}) 22. Qa1 Ra2 23. Qb1 Nd4 24. Nxb6 $13) 17. e3 Nf5 18.
Nb5 Qb4 $6 (18... Qd7 $6 19. Be4 Bxc4 20. Rxc4 Rc8 21. Qf3 $16) ({The least of
the evils for black was} 18... Bxc4 19. Rxc4 Rc8) 19. Bxb7 Ne7 20. Bg2 $1 (20.
Nxb6 $6 Bb3 (20... Rb8 $6 21. Rc7) 21. Qe1 Qxe1 22. Rfxe1 Rxd3 23. Rc7 Nf5 $14)
20... Bxc4 21. Rxc4 Qxb2 {Black won the pawn back, but the Q on b2 is not safe.
} 22. Re1 {[%csl Rb2][%cal Ge1e2]} Qa2 $8 23. Bf1 (23. Re2 $4 Qxc4 $19 {
[%cal Gd8d1]}) 23... Qxc4 {It's hard to suggest something better...} 24. dxc4
Rxd1 25. Rxd1 Nc6 (25... Rc8 26. Rd7 $16) 26. Rd6 Rc8 27. Bg2 e4 {This pawn
sacrifice is probably the best practical chance.} (27... Nb4 28. Bd5 Nxd5 29.
cxd5 Rc4 30. Rxb6 Rxa4 31. d6 Ra1+ 32. Kg2 Rd1 33. Rb7 (33. Ra6 $6 Bf8 34. Rxa5
Bxd6 35. Nxd6 Rxd6 36. Rxe5) 33... Bf6 34. Ra7 {with good winning chances.})
28. Bxe4 Ne5 {At least black's pieces "got some air".} 29. Bd5 $1 Nxc4 30. Rd7
Ne5 31. Rb7 Rc5 ({Deserved attention} 31... Rd8 32. e4 Nd7 {[%csl Ra4][%cal
Gd7c5]}) 32. e4 Rc2 33. Nd6 Rd2 34. Rxb6 Bf8 35. Ra6 h5 $2 {This move, that
otherwise would have been useful for black proves to be a mistake, that
simplifies the winning process for white. It should be very useful for the
reader to study carefully Vaganian's method of transforming his advantage to a
simple technical win...} (35... Rd1+ 36. Kg2 Rd2 {Black's only chance is to
prevent the devastating f2-f4 advance.} {After} 37. Kf1 $1 Rd4 (37... Ng4 38.
Ke1) 38. f4 Ng4 39. Ke2 {white should win the endgame.} ({less clear is} 39.
Bxf7+ Kg7 40. Bd5 Ne3+)) {[%tqu "En","Find the most convincing way for white.",
"","","d6f7","",10]} 36. Nxf7 $1 $18 {[%mdl 6144]} Nxf7 (36... Rxd5 37. exd5
Kxf7 38. Rxa5 $18 {[%csl Ga4]}) 37. Rxg6+ Bg7 38. Rg5 {[%csl Rf7][%cal Gg5f5]}
Rc2 ({Of course} 38... Rxd5 39. Rxd5 {is completely hopeless for black.}) 39.
Rxh5 Rc7 40. Rf5 Kf8 41. Kg2 Bd4 (41... Ke8 42. Bxf7+ Rxf7 43. Rxf7 {Even
stronger, then 43.Ra5;} Kxf7 44. h4 Ke6 45. f4 Kd6 46. g4 Kc5 47. h5 Kb4 48. g5
Kxa4 49. h6 Bh8 50. f5 $18) 42. h4 Kg7 43. Rxf7+ Rxf7 44. Bxf7 Kxf7 45. f4 Ke6
46. g4 {The march of the white pawn phalanxe is quite unstoppable...} Kd6 47.
g5 Kc5 48. h5 Kb4 49. h6 1-0

[Event "EU-chT (Men) 13th"]
[Site "Leon"]
[Date "2001.11.14"]
[Round "8.3"]
[White "Bauer, Christian"]
[Black "Sutovsky, Emil"]
[Result "0-1"]
[WhiteElo "2576"]
[BlackElo "2664"]
[Annotator "Postny,E"]
[PlyCount "158"]
[EventDate "2001.11.06"]
[EventType "team-swiss"]
[EventRounds "9"]
[EventCountry "ESP"]
[SourceTitle "CBM 086"]
[Source "ChessBase"]
[SourceDate "2002.02.05"]
[SourceVersion "1"]
[SourceVersionDate "2002.02.05"]
[SourceQuality "1"]
[WhiteTeam "France"]
[BlackTeam "Israel"]
[WhiteTeamCountry "FRA"]
[BlackTeamCountry "ISR"]

1. Nf3 Nf6 2. c4 g6 3. Nc3 d5 4. cxd5 Nxd5 5. e4 {Other main options are: 5.g3
and the most popular 5.Qa4+.} Nxc3 6. dxc3 {After the more ambitious recapture
6.bc the game may transpose to a main variation in Grunfeld defense.} Qxd1+ 7.
Kxd1 f6 {This is the most popular move in this position.The examples for the
other continuations you can find in the game Ricardi,P-Alonso,S /ARG-ch 1998/
Buenos Aires/CBM 65 [Ribli]} 8. Be3 e5 9. Nd2 Nd7 ({Less accurate is} 9... Be6
10. Bc4 Bxc4 11. Nxc4 Nd7 {[%cal Gf8c5]} 12. b4 $14) 10. Bc4 Bc5 $11 11. Bxc5
Nxc5 12. b4 Ne6 13. Kc2 a5 14. a3 Ke7 15. Nb3 a4 $146 (15... b6 16. Rhd1 a4 17.
Nd2 Bd7 18. Nf1 b5 19. Ba2 Ng5 20. f3 Be6 21. Ne3 Bxa2 22. Rxa2 c6 23. Kc1 Rad8
24. Rad2 Rxd2 25. Rxd2 Ne6 26. Kb2 Rd8 27. Rxd8 Nxd8 $11 {1/2-1/2 Lev,
R-Mikhalevski,V/Israel 1996/CBM 52 ext (50)}) 16. Nc1 Nf4 {trying to provoke a
weaknesses in white's camp.} 17. g3 Nh3 18. Nd3 Bg4 19. Rhe1 Rhd8 20. Re3 Ng5
21. f3 Be6 {Both captures of Pf3 were losing to: 22.h3 if the knight takes and
22.h4 if the bishop takes.} 22. Bxe6 Nxe6 23. Rd1 {In such positions many
chessplayers would have sign the blanks with a draw agreement, but Emil
Sutovsky is a great "fighter". He plays until all the resources will be
exhausted.} Rd6 24. Ree1 ({Possible is} 24. Nb2) 24... Ng5 25. f4 Nf7 26. fxe5
fxe5 27. Nb2 Rxd1 28. Rxd1 Nd6 29. Rd5 Ke6 30. Nd3 Nc4 {[%csl Ra3] Black's
chance for a win is the weakness of the Pa3.} 31. Nc5+ (31. Rc5 $6 b5 $15)
31... Kf6 32. Kd3 c6 (32... Nxa3 $2 33. Nxb7 $16 {[%csl Ra3]}) 33. Rd7 b5 {
Now the Pa3 is doomed, but white's active pieces produce a sufficient
compensation.} 34. h4 (34. Rxh7 Rd8+ 35. Ke2 Rd2+ 36. Kf3 Nxa3 37. Nd7+ Ke6 38.
Nc5+ Kf6 $11) 34... h5 (34... Nxa3 35. g4 {[%csl Rf6][%cal Gg4g5]} h6 36. Rh7
$11) 35. Ke2 $6 ({Why not} 35. Rh7 {drawing with the same "mechanism"
Nc5-d7-c5.}) 35... g5 $6 {Wasting time.} ({After} 35... Nxa3 {there is not
easy to find "clear draw" for white. For example:} 36. Rh7 $6 (36. Rc7 Rd8 37.
Rxc6+ Kf7 38. Rc7+ Ke8) 36... g5 37. Rh6+ Kg7 38. hxg5 Nb1 39. Rxc6 a3 40. Rc7+
Kg8 41. Nd7 (41. g6 {[%cal Gc5e6]} Ra6) 41... Ra6 42. Nf6+ Kf8 43. Nh7+ Ke8 44.
Nf6+ Kd8) 36. Rc7 gxh4 37. gxh4 Nxa3 38. Rxc6+ $2 {It's hard to believe, but
after this obvious move white's position is very hard to save.} (38. Nd7+ Ke6
39. Nc5+ Kf6 $11 (39... Kd6 $4 40. Rd7#)) 38... Kf7 39. Rc7+ Kg8 {Black's K
finally escaped from white's pieces.} 40. Rb7 (40. Nd7 Nc4 41. Nf6+ Kf8 42.
Nh7+ Ke8 43. Nf6+ Kd8 {[%csl Ga4]}) 40... Nb1 41. Kd3 a3 42. Kc2 (42. Rxb5 a2
43. Nb3 Ra3 44. Na1 Rxc3+ 45. Ke2 Rh3 $17) 42... a2 43. Nb3 Rf8 $1 ({Worse is} 
43... Rc8 44. Kb2 Nxc3 45. Na1 $1 (45. Re7 Rc4 $19) (45. Nc5 Ra8 46. Ka1 Rf8
$19) 45... Rc4 46. Kb3) 44. Na1 Rf2+ 45. Kb3 Nd2+ 46. Kxa2 Nxe4+ 47. Kb3 Nd2+
48. Kc2 Nc4+ 49. Kd3 Rd2+ {Black's piece coordination is quite an amazing.} 50.
Ke4 Nd6+ 51. Ke3 Ra2 52. Rb8+ Kf7 53. Nb3 {White hardly managed to avoid a
lost of piece.} Ra3 $19 54. Nc5 Rxc3+ {Black is a pawn up, but there is not
much material left on the board-this means, that black has to produce a good
technic to convert his advantage into a full point.} 55. Kf2 Rc2+ 56. Ke1 Rc4 {
[%csl Rb4,Rh4]} 57. Rd8 Rd4 58. Ke2 Kf6 59. Rf8+ Nf7 60. Ke3 Rxh4 {This is
slightly better than 60...Rb4, because the advance of black's "h" pawn will be
supported by the K.} 61. Ne4+ Ke6 62. Rb8 Rh3+ 63. Ke2 Rh2+ 64. Kf3 Rh3+ {
The repetition of moves is especially useful in circumtances of the modern
time-control.} 65. Ke2 Kf5 66. Nf2 Rb3 67. Rxb5 Rb2+ 68. Ke3 h4 69. Rb7 Ng5 70.
Rb8 Rb3+ 71. Ke2 Ne6 72. Rh8 Nf4+ 73. Kd2 Rxb4 74. Rf8+ (74. Rxh4 Rb2+ {
and white is losing a R or N.}) 74... Kg6 75. Ng4 Re4 76. Nxe5+ Rxe5 77. Rxf4 {
White won a pawn back, but... now he may abandon his last hope for a draw, as
his K can not help to stop black's passed pawn.} Kg5 78. Rf8 h3 79. Rh8 Kg4 0-1

[Event "Bundesliga 0203"]
[Site "Germany"]
[Date "2003.03.29"]
[Round "14.3"]
[White "Ribli, Zoltan"]
[Black "Berndt, Stephan"]
[Result "1-0"]
[WhiteElo "2574"]
[BlackElo "2482"]
[Annotator "Postny,E"]
[PlyCount "63"]
[EventDate "2002.10.19"]
[EventType "team-tourn"]
[EventRounds "15"]
[EventCountry "GER"]
[SourceTitle "CBM 095"]
[Source "ChessBase"]
[SourceDate "2003.07.25"]
[SourceVersion "1"]
[SourceVersionDate "2003.07.25"]
[SourceQuality "1"]
[WhiteTeam "Tegernsee"]
[BlackTeam "Neukoelln"]
[WhiteTeamCountry "GER"]
[BlackTeamCountry "GER"]

1. Nf3 Nf6 2. c4 g6 3. g3 Bg7 4. Bg2 d5 5. cxd5 Nxd5 6. Nc3 Nxc3 {The main
alternatives are: 6...0-0 and 6...Nb6.} 7. bxc3 O-O 8. O-O e5 ({Much more
popular is} 8... c5 {which may lead to a Gruenfeld defense by a transposition.}
) 9. Qc2 (9. Rb1 e4 $5 10. Ne1 Re8 11. Qc2 Qe7 12. d3 exd3 13. exd3 Nc6 14. Bf4
Nd8 15. Nf3 Ne6 16. Rfe1 Qd8 $11 {Frois,A-Turov,M/Linares 2000/CBM 75}) 9...
Re8 10. d3 h6 $6 $146 {Seems to me like a waste of time.} (10... c6 11. Be3 Qc7
12. d4 Bf5 13. Qb3 Nd7 14. Rac1 Be6 15. Qc2 Bc4 16. Rfe1 Bd5 17. Nxe5 Nxe5 {
1/2-1/2 Nuenchert,E-Feustel,P/Potsdam 1974/EXT 98 (17)}) 11. Rb1 Nd7 12. Nd2 $1
{Good manoeuvre. White is starting to put a pressure on black's queenside.} Rb8
13. Nc4 Nb6 14. Na5 $1 $14 c6 15. c4 (15. Bxc6 $2 bxc6 16. Nxc6 Qc7 17. Nxb8
Qxb8 {In this case two pieces are stronger, than rook + two pawns, because of
weakness of white's king.}) 15... Qc7 16. Be3 Bf5 17. Qb3 e4 18. d4 $1 {
[%csl Gc4,Gd4][%cal Ge3f4]} (18. Bxb6 $6 axb6 19. Qxb6 Qxb6 20. Rxb6 exd3 21.
exd3 Bxd3 {and black is at least not worse.}) (18. Bf4 $6 Be5 19. Bxh6 exd3 20.
exd3 Nd7 $44) 18... g5 19. Rfd1 Nd5 $2 {Black wants to release a pressure from
the position, but this combination is unsuccessful.} (19... Nc8 $5 $14) 20.
cxd5 Qxa5 21. dxc6 bxc6 22. Qxb8 {Of course. This obvious exchange gives white
clear advantage.} Rxb8 23. Rxb8+ Kh7 24. g4 $1 (24. Rd2 $4 {[%tqu "En","How
should black play in this case?","","","g7d4","",10]} Bxd4 $1 25. Bxd4 (25.
Rxd4 Qe1+ 26. Bf1 Bh3 $19) 25... Qxd2 26. Rh8+ Kg6 27. Rg8+ Kh5 $19) 24... Bg6
$6 ({Very risky, but practically the best for black was:} 24... Bxg4 25. Bxe4+
f5 (25... Bf5 $2 26. Bd2 $18 {[%csl Ra5,Rf5]}) 26. Bd3 $1 $36 (26. Bb1 $2 Bxe2
27. d5 {[%csl Rf5]} Be5 28. Bxf5+ Kg7 29. Rb7+ Kf6)) 25. Rd2 h5 $6 {Black is
trying to get counterplay at any price, but fails. However in case of waiting
strategy, white will gradually prove the strengh of his rooks. White's
position is very solid and black's queen has no objects to attack.} (25... Qd5
26. Rb3 $5 $16 {[%cal Yb3c3,Yc3c5]}) 26. gxh5 Bxh5 27. Bxe4+ f5 28. Bb1 Kh6 29.
f4 Bxd4 {Desperation...} (29... g4 $142 30. Rc8 $18) 30. fxg5+ Kg6 31. Rxd4 Qe5
(31... Qe1+ 32. Kg2 Qxe2+ 33. Bf2 $18) 32. Rb3 1-0

[Event "Moscow Aeroflot op"]
[Site "Moscow"]
[Date "2002.02.05"]
[Round "1"]
[White "Lerner, Konstantin Z"]
[Black "Isaev, Jamshed"]
[Result "1-0"]
[WhiteElo "2569"]
[BlackElo "2455"]
[Annotator "Postny,E"]
[PlyCount "89"]
[EventDate "2002.02.04"]
[EventType "swiss"]
[EventRounds "9"]
[EventCountry "RUS"]
[SourceTitle "CBM 088"]
[Source "ChessBase"]
[SourceDate "2002.03.21"]
[SourceVersion "1"]
[SourceVersionDate "2002.03.21"]
[SourceQuality "1"]

1. c4 Nf6 2. Nc3 d5 3. cxd5 Nxd5 4. g3 g6 5. Bg2 Nb6 6. d3 Bg7 7. Be3 O-O 8.
Qd2 {[%cal Ge3h6] White is aiming to exchange the dark-squared bishops by
Be3-h6. Black should avoid this, otherwise the defence around his K will be
seriously weakens.} Re8 {Black also tried 8...N8d7, 8...Nc6, 8...e5.} 9. Bh6
Bh8 10. h4 $1 {Black has already suffered several crushing defeats after this
attacking move.} c5 $6 $146 (10... c6 11. h5 Nd5 12. hxg6 hxg6 13. Nf3 Nd7 (
13... Nxc3 14. bxc3 Qa5 15. Rc1 Be6 16. Rc2 Rd8 17. Bg5 f6 $2 18. Rxh8+ $1 Kxh8
19. Bxf6+ exf6 20. Qh6+ Kg8 21. Qxg6+ Kf8 22. Qxf6+ Bf7 23. Ne5 $18 {1-0 Xu
Jun-Isaev,J/Udaipur 2000/EXT 2001 (30)}) 14. Ng5 N7f6 15. Bf3 Bg4 16. Rh4 Bxf3
17. Nxf3 Nxc3 18. bxc3 Qa5 19. Rc1 Rad8 20. Kf1 Rd5 21. Kg2 Rh5 $11 {0-1 Koshy,
V-Krasenkow,M/Dhaka 1995/CBM 48 (50)}) (10... N8d7 11. h5 Nf6 12. Nf3 Ng4 13.
hxg6 hxg6 14. Rh4 Nxh6 15. Qxh6 Bg7 16. Qd2 Nd5 17. Ne4 b6 18. O-O-O Bb7 19.
Rdh1 $16 {1-0 Ribli,Z-Adorjan,A/Budapest 1973/EXT 2000 (50)}) 11. Be3 c4 12. d4
Nc6 ({After} 12... h5 {white can play} 13. g4 $5 e5 (13... hxg4 14. h5 $40) (
13... Bxg4 14. Bxb7 $14) 14. gxh5 exd4 15. Rd1 $14) 13. d5 Ne5 14. h5 Bf5 (
14... Ng4 $142 $14) 15. hxg6 Bxg6 16. Nh3 $1 {White has clear advantage. Black
just has no compensation for the weakness of his K.} Ng4 17. Nf4 Qd6 $6 ({
White's dark-squared B should have been exchanged. After} 17... Nxe3 18. Qxe3
Bg7 {black's position is still playable.}) 18. Nxg6 hxg6 19. Bd4 e5 20. Ne4
Qxd5 {This is not a "happy choice" for black, but he is very short on
alternatives...} (20... Qd8 21. Bxb6 Qxb6 22. d6 {[%csl Gd6,Rg4][%cal Gg2f3]}
Qd4 23. Bf3 $16) 21. Nf6+ Bxf6 22. Bxd5 exd4 {From "first glance" it may look,
that black has certain compensation for the Q. In reality black can't use any
of his apparent advantages, such as strong central pawns, an open "e" file etc.
..} 23. Bxb7 Rab8 24. Bc6 Re6 25. Qf4 Ne5 26. Be4 {In spite of the fact, that
white has seemingly little space, he still has enough good squares for his
heavy pieces.} Na4 27. Kf1 $1 {Moving the K out of the knight check.} Rxb2 28.
Bd5 Rd6 29. Qxd4 $18 {Black can not exploit the strength of his B along the
h8-a1 diagonal.} Rbb6 30. Rc1 Kg7 31. Kg2 Ra6 32. e4 Nb6 33. Rc2 Ra5 34. Qd2
Raxd5 {A last desperate attempt to muddy the waters. Obviously it does not
work.} (34... Rc5 35. Qh6+ Kg8 36. f4 $18) 35. exd5 Rxd5 36. Qh6+ Kg8 37. Rd2
Nd3 38. Re2 {Of course black can not prevent the penetration of white's heavy
pieces. White's material advantage is too big.} Rd8 39. Re7 $1 Bg7 40. Qe3 Kf8
41. Rxa7 Nd5 42. Qg5 Nf6 43. Qa5 Re8 44. Qc7 Ne5 45. Re1 1-0